00529nam a2200205 a 4500001001300000003000900013005001700022008004100039020000900080082001500089100001700104245003600121260003400157300000900191500003500200505003900235650001700274700001800291700001400309nice12345678IN_TiNIC20260116011813.0050524s1938 jaba grp 000 0 eng  ac1400a275.4bPIC aPickett, J W aChristian Missions in Mid India aJabalpurbMission Pressc1938 a111p aincludes index and biblioraphy2 acisrs social research series no.11 aChurch-India1 aD A Mcgavrans1 aG H Singh